Guess the English from French Movie Title - Statistics

General Stats
  • This quiz has been taken 12 times
  • The average score is 5 of 16
Answer Stats
Dates French Titles English Titles % Correct
1975 Les dents de la mer [Sea's teeth] Jaws
82%
1984 S.O.S Fantômes Ghostbusters
64%
1990 Maman, j'ai raté l'avion [Mom, I missed the plane] Home Alone
64%
2001 La Revanche d'une Blonde [A blond girl's revenge] Legally Blonde
64%
2012 Rebelle (hint : Pixar) Brave
36%
2009 Very Bad Trip The Hangover
36%
2004 Lolita Malgré Moi Mean Girls
18%
2011 Sex Friends No Strings Attached
18%
2011 La Couleur des Sentiments [Colour of Feelings] The Help
18%
1998 A nous quatre [To the four of us] The Parent Trap
18%
1988 Fatal Games Heathers
9%
2010 Auprès de moi Toujours [Next to me Always] Never Let Me Go
9%
2001 Sex Academy Not Another Teen Movie
9%
1994 Petits meutres entre amis [Little murders between friends] Shallow Grave
9%
2012 Happiness Therapy Silver Linings Playbook
9%
1995 L'amour à tout prix [Love at all costs] While you were sleeping
9%
No matching quizzes found
Score Distribution
Percent of People with Each Score
Percentile by Number Answered
Your Score History
You have not taken this quiz